Principles of communication/ (Record no. 153379)

MARC details
000 -LEADER
fixed length control field 00511nam a22001817a 4500
005 - DATE AND TIME OF LATEST TRANSACTION
control field 20180704155957.0
010 ## - LCCN (DPL NO)
LC control number B-217741
020 ## - INTERNATIONAL STANDARD BOOK NUMBER
International Standard Book Number 81840500070
Terms of availability 550.00
035 ## - SYSTEM CONTROL NUMBER
System control number B-217741
037 ## - SOURCE OF ACQUISITION
Source of stock number/acquisition Reference Press
082 ## - DEWEY DECIMAL CLASSIFICATION NUMBER
Classification number 302.2
100 ## - MAIN ENTRY--PERSONAL NAME
Personal name Nandi, Charles
245 ## - TITLE STATEMENT
Title Principles of communication/
Statement of responsibility, etc by Charles Nandi
260 ## - PUBLICATION, DISTRIBUTION, ETC. (IMPRINT)
Place of publication, distribution, etc New Delhi
Name of publisher, distributor, etc Reference Press
Date of publication, distribution, etc 2006
300 ## - PHYSICAL DESCRIPTION
Extent 238p.
Dimensions 22cm(Hb)
942 ## - ADDED ENTRY ELEMENTS (KOHA)
Source of classification or shelving scheme Dewey Decimal Classification
Item type English Books
Classification part 302.2
Call number suffix NAN
Holdings
Withdrawn status Lost status Not for loan Collection code Home library Current library Date acquired Full call number Barcode Koha item type
      Non-fiction Sarojini Nagar Sarojini Nagar 04/07/2018 302.2 NAN B-217741 English Books

© Delhi Public Library
Hit Counter
free hit counter